000 00497nmm a2200169Ia 4500
008 251105s9999||||xx |||||||||||||||||und||
020 _a9788477372295
041 _aspa
100 _aSierra, Luis Antonio
245 0 _aIrlanda :
_b Una nación en busca de su identidad
264 _a[Madrid, España] :
_bSílex Ediciones,
_c2009
300 _a368 páginas
490 _aSerie Historia
650 _aHistory of Europe
856 _uhttps://public.digitaliapublishing.com/a/1364
942 _cCF
999 _c85375
_d85375